| 000 | 00610nam a2200193 u 4500 | ||
|---|---|---|---|
| 005 | 20260304063928.0 | ||
| 008 | 140318s2010 mx r 000 0 spa d | ||
| 020 | _a9786070213656 (UNAM) | ||
| 020 | _a9786079527129 (SEP) | ||
| 035 | _aUPN01000196363 | ||
| 049 | _aCG | ||
| 050 | 4 |
_aJL1224 _bD6.7 |
|
| 245 | 0 | 0 |
_a200 Años de la administración pública en México / _ccoord. Ricardo Uvalle Berrones. |
| 260 |
_aMéxico : _bUNAM : _bSEP, _c2010. |
||
| 300 |
_a707 p. : _bil. |
||
| 650 | 4 |
_aAdministración pública _zMéxico _xHistoria _911770 |
|
| 700 | 1 |
_aUvalle Berrones, Ricardo, _ecoord. |
|
| 905 | _aLibro | ||
| 999 |
_c168464 _d168464 |
||